El Partit dels Socialistes de Catalunya : estructura, funcionament i electoral (1978-1984) / Gabriel Colomé ; pròleg de Raimon Obiols estructura, funcionament i electoral (1978-1984) / Gabriel Colomé ; pròleg de Raimon Obiols
Descripción Física:
236 p. ; 21 cm
Colección:
Estudis i documents ; 43
Otros Autores:
Obiols, Raimon, pr
MARC
| LEADER | 00000nam a2200000Ia 4500 | ||
|---|---|---|---|
| 001 | 8997 | ||
| 008 | 160829s1989 xx 000 0 cat d | ||
| 080 | |a M-3-79 | ||
| 100 | |a Colomé, Gabriel |9 2145 | ||
| 245 | |a El Partit dels Socialistes de Catalunya : |b estructura, funcionament i electoral (1978-1984) / Gabriel Colomé ; pròleg de Raimon Obiols | ||
| 260 | |a Barcelona : |b Edicions 62, |c 1989 | ||
| 300 | |a 236 p. ; |c 21 cm | ||
| 490 | |a Estudis i documents ; 43 | ||
| 650 | |a Partit dels Socialistes de Catalunya (PSC-PSOE) |x 1978/1984 |9 27276 | ||
| 700 | |a Obiols, Raimon, pr. |9 27277 | ||
| 901 | |a Arxiu | ||
| 942 | |n 1 | ||
| 952 | |0 0 |1 0 |4 0 |6 M379 |7 1 |9 44335 |a Arxiu |b Arxiu |d 2016-12-01 |l 0 |o M-3-79 |p 8997 |r 2016-12-01 00:00:00 |w 2016-12-01 |y ARXIU | ||
| 999 | |c 46916 |d 46916 | ||